Managing human resources through strategic partnerships / (Record no. 11858)

MARC details
000 -LEADER
fixed length control field 00947nam a22002652 4500
001 - CONTROL NUMBER
control field 0000002400
005 - DATE AND TIME OF LATEST TRANSACTION
control field 20151217155202.0
008 - FIXED-LENGTH DATA ELEMENTS--GENERAL INFORMATION
fixed length control field 070410s xx 000 0 eng d
020 ## - INTERNATIONAL STANDARD BOOK NUMBER
International Standard Book Number 0324152655 :
Terms of availability GBP 38.00
040 ## - CATALOGING SOURCE
Original cataloging agency KABU
Transcribing agency KABU
050 #0 - LIBRARY OF CONGRESS CALL NUMBER
Classification number HF5549
Item number .J33 2003
100 1# - MAIN ENTRY--PERSONAL NAME
Personal name Jackson, Sussan E.
-- 0000151752
245 10 - TITLE STATEMENT
Title Managing human resources through strategic partnerships /
Statement of responsibility, etc. Susan E. Jackson, Randall S. Schuler.
250 ## - EDITION STATEMENT
Edition statement 8th ed.
260 ## - PUBLICATION, DISTRIBUTION, ETC. (IMPRINT)
Place of publication, distribution, etc. Mason, Ohio :
Name of publisher, distributor, etc. Thomson/South-Western,
Date of publication, distribution, etc. c2003.
300 ## - PHYSICAL DESCRIPTION
Extent xxxiv, 766 p. :
Other physical details ill. ;
Dimensions 26 cm.
500 ## - GENERAL NOTE
General note Rev. ed. of: Managing human resources. c2000.
504 ## - BIBLIOGRAPHY, ETC. NOTE
Bibliography, etc Includes bibliographical references and index.
650 #0 - SUBJECT ADDED ENTRY--TOPICAL TERM
Topical term or geographic name as entry element Personnel management.
-- 0000150761
650 #0 - SUBJECT ADDED ENTRY--TOPICAL TERM
Topical term or geographic name as entry element Personnel management
General subdivision Case studies.
-- 0000151753
700 1# - ADDED ENTRY--PERSONAL NAME
Personal name Schuler, Randall S.
-- 0000137196
908 ## - PUT COMMAND PARAMETER (RLIN)
Put command parameter 070410
950 ## - LOCAL HOLDINGS (RLIN)
-- 1
Holdings
Withdrawn status Lost status Source of classification or shelving scheme Not for loan Home library Current library Date acquired Total Checkouts Full call number Barcode Date last seen Price effective from Koha item type
    Library of Congress Classification   Kabarak, Main Campus Kabarak, Main Campus 17/12/2015   HF5549 .J33 2003 003688 02/08/2024 17/12/2015 General Collection
Designed with assistance from East African Informatics Ltd